NYC Restaurant Cuisine Types Quiz Stats

 Plays Quiz Updated Aug 3, 2018

Score 0/154 Timer 15:00
23 Plays Today
Cuisine Type % Correct
Chinese
94.6%
Italian (Northern)
93.8%
Italian (Southern)
93.8%
Italian
93.8%
Steakhouse (French)
91.9%
Seafood (French)
91.3%
French (Bistro)
90.3%
French (Brasserie)
90.1%
French
90%
French (Classic)
90%
French (New)
90%
French (Regional)
90%
Japanese
89.5%
American (New)
88.9%
American
88.8%
American (Traditional)
88.8%
American (Regional)
88.8%
Mexican
88.6%
Indian
81.9%
Basque (Spanish)
80.4%
Spanish
80.2%
German
80.2%
Russian
76.9%
Thai
73.1%
Greek
71.7%
Brazilian
70.8%
Korean
67.7%
Irish
66.7%
Pizza
64.5%
Steakhouse
63.4%
Korean Barbecue
63.1%
Hamburgers
63.1%
Australian
63.1%
Vietnamese
62.8%
African
61.6%
Seafood
59.3%
Polish
58.7%
Pub Food
57.3%
Swedish
56.3%
Argentinean
55.2%
Turkish
54.9%
Egyptian
53.2%
British
52.7%
British (Modern)
52.7%
British (Traditional)
52.7%
Cuban
52.5%
Sushi
50.6%
Coffeehouse
49.3%
Coffeeshop
49.3%
Portuguese
49.2%
Asian
47.8%
Chilean
47.6%
Cuisine Type % Correct
Moroccan
47.2%
Barbecue
47.2%
Austrian
46.7%
Austrian (Modern)
46.7%
Peruvian
45.6%
Vegetarian
45.3%
Ethiopian
45.2%
Jewish
44.6%
Kosher - Kosher-Style
44.6%
Swiss
44.6%
Hot Dogs
44.2%
Jamaican
44.2%
Southern
43.3%
Persian
43%
Sandwiches
42.9%
Bakery
41.6%
Colombian
41.6%
Vegan
40.5%
South African
40.5%
Deli
39.2%
Israeli
36.4%
Chicken
36.3%
Ice Cream
35.9%
Belgian
35.1%
Afghan
34.2%
Cambodian
33.6%
Middle Eastern
33.4%
Dessert
32.9%
Lebanese
32.3%
WineBar - Bistro
31.8%
European (Modern)
31.6%
European
31.6%
Caribbean
31.5%
Dominican
30.9%
Malaysian
29.9%
Roman
29.4%
Tex-Mex
29.3%
Venezuelan
29.3%
Soup
28.7%
Gastropub
28.4%
South American
27.6%
Mediterranean
27.5%
New Zealand
26.4%
Ukrainian
26.2%
Puerto Rican
25.2%
Tapas
24.8%
Filipino
24.6%
Californian
24.4%
Cajun
23.6%
Cheese Specialist
22.3%
Tearoom
21.1%
Cantonese
20.9%
Cuisine Type % Correct
Creole
19.6%
Serbian
19.4%
Soul Food
18.9%
Noodle Shop
18.3%
Sicilian
18.3%
Scandinavian
16.4%
Burmese
16%
Tunisian
15.1%
Asian Fusion
14.1%
Southwestern
14%
New England
13.2%
Yemenite
12.9%
Sichuan
12.8%
Polynesian
12.3%
Health Food
12.1%
Eastern European
11.5%
Dim Sum
11.4%
Tibetan
10.9%
Fish and Chips
10.6%
North African
9.8%
Continental
9.1%
Tuscan
8.7%
Pan-Asian
8.6%
Catalan
8.4%
Cheesesteaks
8%
East African
7.7%
Eclectic - Int'l
7.7%
Venetian
7.6%
Hunan
7.3%
Neapolitan
7%
Milanese
6.6%
Southeast Asian
6.4%
Florentine
6.1%
Specialties
5.9%
Small Plates
5.6%
Provence
5.4%
Teppanyaki
4.6%
Caviar
4.5%
Abruzzese
4.5%
Tempura
4.3%
Pan-Latin
4.3%
Shanghainese
4.2%
Soba - Udon
4.1%
Nuevo Latino
4.1%
Yakitori - Poultry
4%
Sukiyaki - Shabu-Shabu
3.8%
Emilian
3.7%
Ligurian
3.5%
Izakaya
3.1%
Yakiniku
2.6%

You're not logged in!

Compare scores with friends on all Sporcle quizzes.
OR
Log In

Sporcle TV

Today on Sporcle TV


Watch our educational content, quiz creation guides, and fun videos on Sporcle TV.

Show Comments

Extras

Top Quizzes Today


Score Distribution

Your Account Isn't Verified!

In order to create a playlist on Sporcle, you need to verify the email address you used during registration. Go to your Sporcle Settings to finish the process.

Report this User

Report this user for behavior that violates our Community Guidelines.

Details: